MARC details
| 000 -LEADER |
| fixed length control field |
02060nam a2200577 a 4500 |
| 001 - CONTROL NUMBER |
| control field |
20922 |
| 003 - CONTROL NUMBER IDENTIFIER |
| control field |
CZ PrNK |
| 005 - DATE AND TIME OF LATEST TRANSACTION |
| control field |
20260206171858.0 |
| 007 - PHYSICAL DESCRIPTION FIXED FIELD--GENERAL INFORMATION |
| fixed length control field |
ta |
| 008 - FIXED-LENGTH DATA ELEMENTS--GENERAL INFORMATION |
| fixed length control field |
081106s2008 xr abcfe 000 0acze |
| 015 ## - NATIONAL BIBLIOGRAPHY NUMBER |
| National bibliography number |
cnb001829189 |
| 020 ## - INTERNATIONAL STANDARD BOOK NUMBER |
| International Standard Book Number |
9788072433780 |
| Qualifying information |
(váz.) |
| 035 ## - SYSTEM CONTROL NUMBER |
| System control number |
(OCoLC)294939838 |
| 040 ## - CATALOGING SOURCE |
| Original cataloging agency |
ABA001 |
| Language of cataloging |
cze |
| 041 1# - LANGUAGE CODE |
| Language code of text/sound track or separate title |
cze |
| Language code of original |
ger |
| 043 ## - GEOGRAPHIC AREA CODE |
| Geographic area code |
e-it--- |
| -- |
ah----- |
| 045 ## - TIME PERIOD OF CONTENT |
| Time period code |
x7y0 |
| 072 #7 - SUBJECT CATEGORY CODE |
| Subject category code |
796 |
| Subject category code subdivision |
Sport. Hry. Tělesná cvičení |
| Source |
Konspekt |
| 080 ## - UNIVERSAL DECIMAL CLASSIFICATION NUMBER |
| Universal Decimal Classification number |
796.52.071.2 |
| Edition identifier |
MRF |
| 080 ## - UNIVERSAL DECIMAL CLASSIFICATION NUMBER |
| Universal Decimal Classification number |
929 |
| Edition identifier |
MRF |
| 080 ## - UNIVERSAL DECIMAL CLASSIFICATION NUMBER |
| Universal Decimal Classification number |
910.4:796.52 |
| Edition identifier |
MRF |
| 080 ## - UNIVERSAL DECIMAL CLASSIFICATION NUMBER |
| Universal Decimal Classification number |
(450) |
| Edition identifier |
MRF |
| 080 ## - UNIVERSAL DECIMAL CLASSIFICATION NUMBER |
| Universal Decimal Classification number |
(5-191.2) |
| Edition identifier |
MRF |
| 080 ## - UNIVERSAL DECIMAL CLASSIFICATION NUMBER |
| Universal Decimal Classification number |
(541.35) |
| Edition identifier |
MRF |
| 080 ## - UNIVERSAL DECIMAL CLASSIFICATION NUMBER |
| Universal Decimal Classification number |
(0:82-94) |
| Edition identifier |
MRF |
| 100 1# - MAIN ENTRY--PERSONAL NAME |
| Personal name |
Messner, Reinhold, |
| Dates associated with a name |
1944- |
| Relationship |
aut |
| 245 10 - TITLE STATEMENT |
| Title |
Everest sólo : |
| Remainder of title |
průzračný horizont / |
| Statement of responsibility, etc. |
Reinhold Messner ; [přeložil Jaroslav Voříšek] |
| 246 30 - VARYING FORM OF TITLE |
| Title proper/short title |
Průzračný horizont |
| 250 ## - EDITION STATEMENT |
| Edition statement |
1. vyd. |
| 260 ## - PUBLICATION, DISTRIBUTION, ETC. |
| Place of publication, distribution, etc. |
Praha : |
| Name of publisher, distributor, etc. |
Brána, |
| Date of publication, distribution, etc. |
2008 |
| 300 ## - PHYSICAL DESCRIPTION |
| Extent |
165 s., [32] s. barev. obr. příl. : |
| Other physical details |
il. (některé barev.), mapy, portréty ; |
| Dimensions |
25 cm |
| 500 ## - GENERAL NOTE |
| General note |
Přeloženo z němčiny |
| 500 ## - GENERAL NOTE |
| General note |
Chronologický přehled |
| 600 17 - SUBJECT ADDED ENTRY--PERSONAL NAME |
| Personal name |
Messner, Reinhold, |
| Dates associated with a name |
1944- |
| Source of heading or term |
czenas |
| 648 #4 - SUBJECT ADDED ENTRY--CHRONOLOGICAL TERM |
| Chronological term |
1980 |
| 648 #7 - SUBJECT ADDED ENTRY--CHRONOLOGICAL TERM |
| Chronological term |
20.-21. století |
| Source of heading or term |
czenas |
| 648 #7 - SUBJECT ADDED ENTRY--CHRONOLOGICAL TERM |
| Chronological term |
20. století |
| Source of heading or term |
czenas |
| 650 07 - SUBJECT ADDED ENTRY--TOPICAL TERM |
| Topical term or geographic name entry element |
horolezci |
| Geographic subdivision |
Itálie |
| Chronological subdivision |
20.-21. století |
| Source of heading or term |
czenas |
| 650 07 - SUBJECT ADDED ENTRY--TOPICAL TERM |
| Topical term or geographic name entry element |
horolezecké expedice |
| Geographic subdivision |
Himálaj (pohoří) |
| Chronological subdivision |
20. století |
| Source of heading or term |
czenas |
| 650 09 - SUBJECT ADDED ENTRY--TOPICAL TERM |
| Topical term or geographic name entry element |
mountaineers |
| Geographic subdivision |
Italy |
| Chronological subdivision |
20th-21st centuries |
| Source of heading or term |
eczenas |
| 650 09 - SUBJECT ADDED ENTRY--TOPICAL TERM |
| Topical term or geographic name entry element |
mountaineering expeditions |
| Geographic subdivision |
Himalaya Mountains |
| Chronological subdivision |
20th century |
| Source of heading or term |
eczenas |
| 651 #7 - SUBJECT ADDED ENTRY--GEOGRAPHIC NAME |
| Geographic name |
Mount Everest (Himálaj, Čína a Nepál : hora) |
| Source of heading or term |
czenas |
| 651 #9 - SUBJECT ADDED ENTRY--GEOGRAPHIC NAME |
| Geographic name |
Mount Everest (Himalay, China and Nepal) |
| Source of heading or term |
eczenas |
| 655 #7 - INDEX TERM--GENRE/FORM |
| Genre/form data or focus term |
autobiografické vzpomínky |
| Source of term |
czenas |
| 655 #9 - INDEX TERM--GENRE/FORM |
| Genre/form data or focus term |
autobiographical reminiscences |
| Source of term |
eczenas |
| 765 0# - ORIGINAL LANGUAGE ENTRY |
| Title |
Everest solo |
| 856 41 - ELECTRONIC LOCATION AND ACCESS |
| Uniform Resource Identifier |
<a href="http://krameriusndk.nkp.cz/search/handle/uuid:1c20cf00-995c-11e3-a744-005056827e52">http://krameriusndk.nkp.cz/search/handle/uuid:1c20cf00-995c-11e3-a744-005056827e52</a> |
| Link text |
Digitalizovaný dokument |
| 901 ## - LOCAL DATA ELEMENT A, LDA (RLIN) |
| b |
9788072433780 |
| f |
1. vyd. |
| o |
20090122 |
| 910 ## - USER-OPTION DATA (OCLC) |
| User-option data |
ABA001 |
| 942 ## - ADDED ENTRY ELEMENTS (KOHA) |
| Source of classification or shelving scheme |
Dewey Decimal Classification |
| Koha item type |
Odborná literatúra pre dospelých |
| Suppress in OPAC |
No |